000 00811cam a2200265 i 4500
999 _c4940
_d4940
001 3180773
003 GBCCL
005 20241126110530.0
008 770809s1977 mou b 000 0 eng
010 _a 76046036
020 _a0882439030 :
_c$1.25
040 _aDLC
_cDLC
_dDLC
050 0 0 _aBV4526.2
_b.B686
082 0 0 _a249
_bBRO
100 1 _aBrock, Raymond T.
_98965
245 1 4 _aThe Christ-centered family /
_cRaymond T. Brock.
260 _aSpringfield, Mo. :
_bGospel Pub. House,
_cc1977.
300 _a124 p. ;
_c18 cm.
490 0 _aRadiant books
504 _aIncludes bibliographical references.
610 2 0 _aAssemblies of God.
_bGeneral Council
_xDoctrines.
_94101
650 0 _aFamilies
_xReligious life.
_91360
906 _a7
_bcbc
_corignew
_d2
_eocip
_f19
_gy-gencatlg
942 _2ddc
_cBK
_016